Gráfica musical
Na minha lista:
| Autor principal: | |
|---|---|
| Formato: | Livro |
| Idioma: | espanhol |
| Publicado em: |
Santiago
Ril Editores
2012
|
| Edição: | 1a. ed |
| Assuntos: | |
| Tags: |
Adicionar Tag
Sem tags, seja o primeiro a adicionar uma tag!
|
MARC
| LEADER | 00000cam a2200000 a 4500 | ||
|---|---|---|---|
| 001 | UCE1735 | ||
| 003 | CL-VaPUC | ||
| 008 | 140508e20120600cl |||||||||||||||||spa|d | ||
| 020 | |a 9789562848763 | ||
| 082 | 0 | 4 | |a 780.983 |b SCH |2 21 |
| 100 | 0 | |a Schidlowsky, León |e author |9 574124 | |
| 245 | 1 | 0 | |a Gráfica musical |
| 250 | |a 1a. ed | ||
| 300 | |a 271 p | ||
| 942 | |c BK | ||
| 945 | |d 20140508 16:03:00 |a dcastane | ||
| 260 | |a Santiago |b Ril Editores |c 2012 | ||
| 650 | 0 | |a Música orquestal |9 306546 | |
| 650 | 0 | |a Compositores chilenos |9 306644 | |
| 650 | 0 | |a Orquestación |9 458841 | |
| 650 | 0 | |a Composición musical |9 306660 | |
| 583 | |a last modification |c 20140508 16:03:00 |k Rodrigo Vera | ||
| 999 | |c 355455 |d 355453 | ||
| 952 | |0 0 |1 0 |3 erd |4 0 |6 780_983000000000000_SCH_2012 |7 0 |8 R |9 462185 |a BIBEDU |b BIBEDU |i 5076633 |l 3 |o 780.983 SCH 2012 |p 5076633 |r 2023-10-13 |s 2023-10-06 |w 2019-11-23 |y BK_R |z Catalogado en:20140508 |k MUS | ||